000 00926nam0a22002771 4500
001 rc\4155061
005 20130415184201.3
021 _aRU
_b[53-448]
035 _a(NLR Aleph) 007993313
090 _a8593336
_c8593336
100 _a20130415d1952 |||y0rusy50 ca
101 1 _arus
_cukr
102 _aRU
105 _ay z |||||
200 1 _aИзбранное
_fПер. с укр. [В. Тарсис]
210 _aКиев
_cРад. письменник
_d1952
215 _a675 с.
_d21
327 1 _aСодерж.: Детство; Наши тайны; Восемнадцатилетие
464 0 _12001#$aДетство$aНаши тайны$aВосемнадцатилетие
700 1 _aСмолич
_bЮ. К.
_f1900-1976
_gЮрий Корнеевич
702 1 _aТарсис
_bВ.
_4730
801 0 _aRU
_bNLR
_gpsbo
801 1 _aRU
_bELAR
_2rusmarc
852 _aNLR
_jЛ40 Г-3/1127
942 _cBOOK
980 _aNB